Wastewater-fed acquaculture : Proceedings of the International Seminar on Wastewater Reclamation and Reuse for Aquaculture, Calcutta, India, 6-9 December, 1988

Đã lưu trong:
Sonraí Bibleagrafaíochta
Príomhúdar: Edwards, P.
Formáid: Leabhar
Teanga:Undetermined
Foilsithe: Bangkok, Thailand Environmental Sanitation Information Center, Asian Institute of Technology 1990
Ábhair:
Clibeanna: Cuir Clib Leis
Gan Chlibeanna, Bí ar an gcéad duine leis an taifead seo a chlibeáil!
Thư viện lưu trữ: Trung tâm Học liệu Trường Đại học Cần Thơ
LEADER 00771nam a2200205Ia 4500
001 CTU_150103
008 210402s9999 xx 000 0 und d
082 |a 577.6 
082 |b E26 
100 |a Edwards, P. 
245 0 |a Wastewater-fed acquaculture : 
245 0 |b Proceedings of the International Seminar on Wastewater Reclamation and Reuse for Aquaculture, Calcutta, India, 6-9 December, 1988 
245 0 |c P. Edwards, R. S. V. Pullin ; Asian Institute of Technology 
260 |a Bangkok, Thailand 
260 |b Environmental Sanitation Information Center, Asian Institute of Technology 
260 |c 1990 
650 |a Fish-culture,Water reuse 
650 |x Water-supply,Recycling 
904 |i Giang 
980 |a Trung tâm Học liệu Trường Đại học Cần Thơ